[Event "32. Copenhagen Open (Politiken Cup)"]
[Site "Elsinore"]
[Date "2010.08.08"]
[Round "10"]
[White "Jessen, Ernst J"]
[Black "Johansen, Johnny Holler"]
[Result "1/2-1/2"]
[WhiteElo "1771"]
[BlackElo "1918"]
[PlyCount "49"]
[EventDate "2010.07.31"]
[EventType "swiss"]
[EventRounds "10"]
[EventCountry "DEN"]
[Source "ChessBase"]
[SourceDate "2010.09.01"]

1. e4 c5 2. Bc4 e6 3. a3 Nc6 4. Nf3 d6 5. d3 Nf6 6. O-O Be7 7. Bg5 O-O 8. h3 a6
9. Nbd2 b5 10. Ba2 Bb7 11. Rc1 Qd7 12. c3 Rac8 13. Re1 e5 14. Nf1 h6 15. Bh4
Ne8 16. Bxe7 Nxe7 17. d4 cxd4 18. cxd4 Rxc1 19. Qxc1 Ng6 20. dxe5 dxe5 21. Ng3
Nf6 22. Rd1 Rc8 23. Qb1 Qc7 24. Re1 Qc2 25. Re2 1/2-1/2

[Event "32. Copenhagen Open (Politiken Cup)"]
[Site "Elsinore"]
[Date "2010.08.08"]
[Round "10"]
[White "Jonsson, Lennart"]
[Black "Christensen, Svend Ellegaard"]
[Result "0-1"]
[WhiteElo "2105"]
[BlackElo "2226"]
[PlyCount "80"]
[EventDate "2010.07.31"]
[EventType "swiss"]
[EventRounds "10"]
[EventCountry "DEN"]
[Source "ChessBase"]
[SourceDate "2010.09.01"]

1. d4 c5 2. e3 e6 3. Nf3 Nf6 4. Bd3 b6 5. O-O Bb7 6. b3 Be7 7. Bb2 d6 8. Nbd2
Nbd7 9. Qe2 Qc7 10. c4 O-O 11. Rad1 Rfd8 12. Bb1 Nf8 13. Ng5 h6 14. Nh3 d5 15.
f4 Rac8 16. Kh1 a6 17. Ng1 b5 18. cxb5 Qa5 19. dxc5 axb5 20. Bd4 b4 21. Qf3
N8d7 22. g4 Ne4 23. g5 Bxc5 24. gxh6 Bxd4 25. exd4 Rc3 26. Qg4 g6 27. Ngf3 Ndf6
28. Qh4 Nh5 29. Rg1 Rdc8 30. Ng5 Qd8 31. h7+ Kg7 32. h8=Q+ Qxh8 33. Nxe6+ Kg8
34. Qe7 Nhg3+ 35. Rxg3 Nxg3+ 36. Kg1 Qh5 37. Re1 Rc1 38. Ng5 Rxe1+ 39. Qxe1 Rc1
40. Qxc1 Ne2+ 0-1

[Event "32. Copenhagen Open (Politiken Cup)"]
[Site "Elsinore"]
[Date "2010.08.08"]
[Round "10"]
[White "Jorgensen, Rasmus"]
[Black "Jorgensen, Dennis"]
[Result "1/2-1/2"]
[WhiteElo "2098"]
[BlackElo "2216"]
[PlyCount "130"]
[EventDate "2010.07.31"]
[EventType "swiss"]
[EventRounds "10"]
[EventCountry "DEN"]
[Source "ChessBase"]
[SourceDate "2010.09.01"]

1. e4 c6 2. d4 d5 3. e5 Bf5 4. Nc3 e6 5. g4 Bg6 6. Nge2 c5 7. Be3 h5 8. Nf4 Bh7
9. Nxh5 cxd4 10. Bxd4 Nc6 11. h4 Bxc2 12. Qxc2 Nxd4 13. Qa4+ Nc6 14. Bb5 Qc7
15. O-O-O O-O-O 16. Kb1 Kb8 17. Rc1 Be7 18. Ne2 Qxe5 19. Bxc6 Qxe2 20. Bxb7
Qe4+ 21. Qxe4 dxe4 22. Bxe4 g6 23. Rh3 Rd4 24. Rb3+ Rb4 25. Rxb4+ Bxb4 26. Ng3
Rxh4 27. f3 f5 28. gxf5 gxf5 29. Bc6 Ne7 30. Bd7 Bd6 31. Ne2 e5 32. Ng3 Rf4 33.
Rc3 Bc7 34. Nh5 Rd4 35. Bb5 e4 36. Nf6 Be5 37. Nd7+ Rxd7 38. Bxd7 Bxc3 39. bxc3
Kc7 40. Bb5 exf3 41. Kc2 Kd6 42. Kd3 Nd5 43. Kd4 f2 44. c4 Nf6 45. c5+ Kc7 46.
Ke3 Ne4 47. a4 Nxc5 48. Kxf2 Kd6 49. Ke3 Ke5 50. a5 f4+ 51. Kf2 Nb3 52. a6 Nd4
53. Bd7 Kd6 54. Bc8 Kc7 55. Bb7 Kb6 56. Kf1 Kc5 57. Kf2 Kc4 58. Be4 Kc3 59. Bb7
Kd3 60. Bd5 Kd2 61. Bb7 Kc3 62. Be4 Nb5 63. Kf3 Nc7 64. Bb7 Ne6 65. Bc8 Nc7
1/2-1/2

[Event "32. Copenhagen Open (Politiken Cup)"]
[Site "Elsinore"]
[Date "2010.08.08"]
[Round "10"]
[White "Kaaber Hansen, Jacob"]
[Black "Guttulsrud, Odd Martin"]
[Result "0-1"]
[WhiteElo "2232"]
[BlackElo "2073"]
[PlyCount "90"]
[EventDate "2010.07.31"]
[EventType "swiss"]
[EventRounds "10"]
[EventCountry "DEN"]
[Source "ChessBase"]
[SourceDate "2010.09.01"]

1. c4 Nf6 2. g3 g6 3. Bg2 Bg7 4. Nc3 O-O 5. e4 d6 6. Nge2 c5 7. O-O Nc6 8. d4
cxd4 9. Nxd4 Nxe4 10. Nxc6 Nxc3 11. Nxd8 Nxd1 12. Nxb7 Bxb7 13. Bxb7 Rab8 14.
Rxd1 Rxb7 15. Rb1 Rc8 16. Be3 Rxc4 17. Rd2 a5 18. Kf1 a4 19. b3 Rc3 20. b4 Rb5
21. Bd4 Bxd4 22. Rxd4 Rc2 23. a3 Rc3 24. Ra1 Kf8 25. Ra2 Ke8 26. Ke2 Kd7 27.
Rd3 Rxd3 28. Kxd3 Rd5+ 29. Ke4 Rd1 30. Rc2 Ra1 31. Rc3 Ra2 32. Rf3 f5+ 33. Kd5
Rc2 34. Kd4 e5+ 35. Kd3 Ra2 36. Kc4 e4 37. Rc3 Rxf2 38. Kb5 Rf3 39. Rc1 Rxa3
40. Ka6 Rb3 41. b5 d5 42. b6 d4 43. b7 d3 44. Rc5 Kd6 45. Rc8 a3 0-1

[Event "32. Copenhagen Open (Politiken Cup)"]
[Site "Elsinore"]
[Date "2010.08.08"]
[Round "10"]
[White "Kopperberg, Steen"]
[Black "Zachariassen, John"]
[Result "0-1"]
[WhiteElo "1798"]
[BlackElo "1970"]
[PlyCount "120"]
[EventDate "2010.07.31"]
[EventType "swiss"]
[EventRounds "10"]
[EventCountry "DEN"]
[Source "ChessBase"]
[SourceDate "2010.09.01"]

1. d4 g6 2. Nf3 Bg7 3. c3 Nf6 4. Bg5 d6 5. Nbd2 Nbd7 6. e4 e5 7. dxe5 dxe5 8.
Bc4 Qe7 9. O-O Nc5 10. Bxf6 Qxf6 11. b4 Ne6 12. Bxe6 Bxe6 13. Qa4+ Bd7 14. Qa5
b6 15. Qd5 c6 16. Qd3 Qe7 17. Nc4 O-O 18. Rfd1 Bg4 19. h3 Rad8 20. Qe2 Bc8 21.
Rxd8 Rxd8 22. Rd1 Ba6 23. Rxd8+ Qxd8 24. Qd2 Qxd2 25. Ncxd2 f6 26. c4 Bf8 27.
a3 Kf7 28. Kf1 Ke6 29. Ke2 Be7 30. Kd3 f5 31. g3 Bb7 32. Ne1 Bg5 33. f3 c5 34.
Nb3 cxb4 35. axb4 Be7 36. Nc2 h5 37. b5 a6 38. bxa6 Bxa6 39. Nd2 Bb7 40. Ne3
Bd8 41. Nd5 Kd6 42. Nb3 Bc8 43. h4 Be6 44. Ke3 Bxd5 45. cxd5 b5 46. Nc1 g5 47.
f4 gxf4+ 48. gxf4 exf4+ 49. Kxf4 fxe4 50. Kxe4 Kc5 51. Nd3+ Kc4 52. Ne5+ Kc3
53. Nc6 Bxh4 54. Nd4 b4 55. Ne2+ Kd2 56. Nd4 Bf6 57. d6 Kc3 58. Ne2+ Kc4 59.
Ke3 Bg5+ 60. Nf4 b3 0-1

[Event "32. Copenhagen Open (Politiken Cup)"]
[Site "Elsinore"]
[Date "2010.08.08"]
[Round "10"]
[White "Landa, Konstantin"]
[Black "Baklan, Vladimir"]
[Result "1/2-1/2"]
[WhiteElo "2598"]
[BlackElo "2638"]
[PlyCount "53"]
[EventDate "2010.07.31"]
[EventType "swiss"]
[EventRounds "10"]
[EventCountry "DEN"]
[Source "ChessBase"]
[SourceDate "2010.09.01"]

1. Nf3 c5 2. c4 g6 3. d4 cxd4 4. Nxd4 Nc6 5. e4 Nf6 6. Nc3 Nxd4 7. Qxd4 d6 8.
f3 Bg7 9. Be3 O-O 10. Qd2 a5 11. Be2 a4 12. O-O Qa5 13. Rac1 Be6 14. Nd5 Qxd2
15. Nxe7+ Kh8 16. Bxd2 Rfe8 17. Nd5 Nxd5 18. cxd5 Bxd5 19. Bb5 Re5 20. Rc7 Bxe4
21. fxe4 Rxb5 22. Rfxf7 Bd4+ 23. Kf1 Rxb2 24. Be3 Bxe3 25. Rxh7+ Kg8 26. Rhg7+
Kh8 27. Rh7+ 1/2-1/2

[Event "32. Copenhagen Open (Politiken Cup)"]
[Site "Elsinore"]
[Date "2010.08.08"]
[Round "10"]
[White "Madsen, Dennis"]
[Black "Christensen, Christoffer Ellegaa"]
[Result "0-1"]
[WhiteElo "1557"]
[BlackElo "1771"]
[PlyCount "44"]
[EventDate "2010.07.31"]
[EventType "swiss"]
[EventRounds "10"]
[EventCountry "DEN"]
[Source "ChessBase"]
[SourceDate "2010.09.01"]

1. d4 d5 2. e4 e6 3. e5 c5 4. c3 Nc6 5. Nf3 Qb6 6. a4 cxd4 7. Nxd4 Nxe5 8. a5
Qd8 9. Qh5 Nc6 10. Bb5 Bd7 11. Be3 Nf6 12. Qh3 e5 13. Bxc6 bxc6 14. Qg3 exd4
15. Bxd4 g6 16. O-O Bg7 17. Re1+ Be6 18. Nd2 O-O 19. Ra4 Re8 20. Be5 Nh5 21.
Qe3 Bxe5 22. Nf3 Bf6 0-1

[Event "32. Copenhagen Open (Politiken Cup)"]
[Site "Elsinore"]
[Date "2010.08.08"]
[Round "10"]
[White "Mchedlishvili, Mikheil"]
[Black "Hector, Jonny"]
[Result "1/2-1/2"]
[WhiteElo "2625"]
[BlackElo "2584"]
[PlyCount "128"]
[EventDate "2010.07.31"]
[EventType "swiss"]
[EventRounds "10"]
[EventCountry "DEN"]
[Source "ChessBase"]
[SourceDate "2010.09.01"]

1. Nf3 d5 2. d4 Nf6 3. c4 c6 4. Nc3 dxc4 5. a4 Bf5 6. Ne5 Nbd7 7. Nxc4 Qc7 8.
g3 e5 9. dxe5 Nxe5 10. Bf4 Nfd7 11. Bg2 f6 12. O-O Nc5 13. Ne3 Bg6 14. b4 Ne6
15. b5 Rd8 16. Qb3 Nd4 17. Qb2 Bc5 18. a5 O-O 19. a6 b6 20. bxc6 Ndxc6 21. Nb5
Qf7 22. Rfd1 Nb4 23. Rxd8 Rxd8 24. Bxe5 fxe5 25. Qxe5 Rf8 26. Rf1 Re8 27. Qf4
Qxf4 28. gxf4 Bh5 29. Re1 Nxa6 30. Nxa7 Bb4 31. Ra1 Bxe2 32. Bd5+ Kf8 33. Nc6
Bc5 34. Ne5 Rd8 35. Bc4 Bxc4 36. N3xc4 Nb4 37. Ra7 Nd5 38. Rb7 Kg8 39. Nd3 Bd4
40. Kg2 h5 41. Kf3 Nf6 42. Nde5 Ra8 43. Ne3 Ra3 44. N5c4 Rb3 45. Nd2 Ra3 46.
Ndc4 Rb3 47. Nd2 Rb4 48. Ne4 Nxe4 49. Kxe4 Bxe3+ 50. Kxe3 Kh7 51. f5 Kg8 52.
Kf3 b5 53. h3 Kf8 54. Kg3 h4+ 55. Kf3 Kg8 56. Ke3 Kf8 57. Kf3 Kg8 58. Ke3 Rb3+
59. Kf4 Rxh3 60. Rxb5 Ra3 61. Kg4 h3 62. Rb1 Kf7 63. Rh1 Kf6 64. Rxh3 Rxh3
1/2-1/2

[Event "32. Copenhagen Open (Politiken Cup)"]
[Site "Elsinore"]
[Date "2010.08.08"]
[Round "10"]
[White "Mercant Simon, Jaume"]
[Black "Roelvaag, Mikael"]
[Result "1-0"]
[WhiteElo "2100"]
[BlackElo "2187"]
[PlyCount "61"]
[EventDate "2010.07.31"]
[EventType "swiss"]
[EventRounds "10"]
[EventCountry "DEN"]
[Source "ChessBase"]
[SourceDate "2010.09.01"]

1. e4 c6 2. d4 d5 3. Nc3 dxe4 4. Nxe4 Nf6 5. Nxf6+ gxf6 6. c3 Bf5 7. g3 e6 8.
Bg2 Bg7 9. Ne2 h5 10. h4 Bg4 11. O-O Nd7 12. Be3 Nb6 13. Qc2 Nd5 14. Bc1 Qd7
15. Re1 Kf8 16. c4 Ne7 17. Rd1 Rd8 18. b3 Bf5 19. Qc3 Bg6 20. Bb2 f5 21. Qc1 f6
22. Nf4 Bf7 23. Qc2 Qc7 24. Qe2 e5 25. dxe5 Rxd1+ 26. Rxd1 fxe5 27. Nd3 Rh6 28.
Bxe5 Re6 29. Bxg7+ Kxg7 30. Qb2+ Kh7 31. Nc5 1-0

[Event "32. Copenhagen Open (Politiken Cup)"]
[Site "Elsinore"]
[Date "2010.08.08"]
[Round "10"]
[White "Moller, Arne"]
[Black "Nielsen, Jan Mose"]
[Result "0-1"]
[WhiteElo "1907"]
[BlackElo "2120"]
[PlyCount "90"]
[EventDate "2010.07.31"]
[EventType "swiss"]
[EventRounds "10"]
[EventCountry "DEN"]
[Source "ChessBase"]
[SourceDate "2010.09.01"]

1. e4 e5 2. Nf3 Nc6 3. Bb5 a6 4. Ba4 Nf6 5. O-O b5 6. Bb3 Be7 7. Re1 O-O 8. c3
d6 9. h3 Na5 10. Bc2 c5 11. d3 h6 12. Nbd2 Re8 13. Nf1 Bf8 14. Ne3 Be6 15. Bd2
Qc7 16. b4 Nc6 17. Bb3 Qd7 18. Bxe6 Qxe6 19. Nf5 d5 20. g4 dxe4 21. dxe4 Rad8
22. Qc1 cxb4 23. g5 bxc3 24. Qxc3 Nxe4 25. Nxh6+ gxh6 26. Rxe4 Qxh3 27. Rh4 Qe6
28. gxh6 Nd4 29. Nxd4 Rxd4 30. Rxd4 exd4 31. Qxd4 Bxh6 32. Bxh6 Qg6+ 33. Kh2
Qxh6+ 34. Kg2 Qg7+ 35. Qxg7+ Kxg7 36. Kf3 Kf6 37. Rc1 Re6 38. a3 Ke5 39. Rc7 f6
40. Rc2 Kd5 41. Kf4 a5 42. Kf5 Rb6 43. f4 b4 44. axb4 axb4 45. Rd2+ Kc4 0-1

[Event "32. Copenhagen Open (Politiken Cup)"]
[Site "Elsinore"]
[Date "2010.08.08"]
[Round "10"]
[White "Moripen, Markus"]
[Black "Barane, Simon"]
[Result "1/2-1/2"]
[WhiteElo "1953"]
[BlackElo "1808"]
[PlyCount "85"]
[EventDate "2010.07.31"]
[EventType "swiss"]
[EventRounds "10"]
[EventCountry "DEN"]
[Source "ChessBase"]
[SourceDate "2010.09.01"]

1. c4 c5 2. Nc3 Nc6 3. g3 g6 4. Bg2 Bg7 5. e4 d6 6. Nge2 e6 7. O-O Nge7 8. d3
O-O 9. Be3 e5 10. a3 Rb8 11. Rb1 Qd7 12. b4 Nd4 13. b5 Nxe2+ 14. Nxe2 f5 15. f4
b6 16. Qc2 Bb7 17. a4 Qc7 18. Bd2 h5 19. Bc3 Rbd8 20. a5 Kh7 21. Ra1 fxe4 22.
dxe4 Nc8 23. a6 Ba8 24. fxe5 Bxe5 25. Bxe5 dxe5 26. Rxf8 Rxf8 27. Rd1 Rd8 28.
Rf1 Kg7 29. Qc3 Qd6 30. h4 Ne7 31. Kh2 Ng8 32. Qf3 Nf6 33. Nc3 Ng4+ 34. Kg1
Qd4+ 35. Kh1 Qxc4 36. Bh3 Qe6 37. Bxg4 hxg4 38. Qe3 Qc4 39. Rf2 Rd3 40. Qg5
Bxe4+ 41. Nxe4 Qxe4+ 42. Kh2 Rd7 43. Qf6+ 1/2-1/2

[Event "32. Copenhagen Open (Politiken Cup)"]
[Site "Elsinore"]
[Date "2010.08.08"]
[Round "10"]
[White "Mortensen, Henrik"]
[Black "Solli, Oddvar"]
[Result "1-0"]
[WhiteElo "2003"]
[BlackElo "1914"]
[PlyCount "47"]
[EventDate "2010.07.31"]
[EventType "swiss"]
[EventRounds "10"]
[EventCountry "DEN"]
[Source "ChessBase"]
[SourceDate "2010.09.01"]

1. e4 c6 2. d4 d5 3. Nd2 dxe4 4. Nxe4 Bf5 5. Nc3 e6 6. Bc4 Bd6 7. Nf3 Nd7 8.
Bg5 Ngf6 9. Qd2 h6 10. Bh4 Qc7 11. O-O g5 12. Bg3 Bxg3 13. hxg3 O-O-O 14. Qe2
Nb6 15. Bb3 g4 16. Nh4 Rxd4 17. Nxf5 exf5 18. Qe3 Rdd8 19. a4 Kb8 20. Rfe1 Nbd5
21. Qd4 h5 22. Nxd5 Nxd5 23. Bxd5 Rxd5 24. Qxh8+ 1-0

[Event "32. Copenhagen Open (Politiken Cup)"]
[Site "Elsinore"]
[Date "2010.08.08"]
[Round "10"]
[White "Munk, Poul"]
[Black "Maechel, Michael"]
[Result "1/2-1/2"]
[WhiteElo "1959"]
[BlackElo "1748"]
[PlyCount "44"]
[EventDate "2010.07.31"]
[EventType "swiss"]
[EventRounds "10"]
[EventCountry "DEN"]
[Source "ChessBase"]
[SourceDate "2010.09.01"]

1. c4 Nf6 2. Nc3 e5 3. Nf3 Nc6 4. d4 exd4 5. Nxd4 Bb4 6. Bg5 O-O 7. Rc1 h6 8.
Bh4 Ne5 9. e3 Ng6 10. Bxf6 Qxf6 11. Be2 c6 12. O-O Bxc3 13. Rxc3 d6 14. Rb3 Ne5
15. Qc2 Rb8 16. Rd1 Be6 17. Nxe6 fxe6 18. f4 Nf7 19. Bh5 d5 20. g3 Nd6 21. cxd5
exd5 22. Rbd3 Nc4 1/2-1/2

[Event "32. Copenhagen Open (Politiken Cup)"]
[Site "Elsinore"]
[Date "2010.08.08"]
[Round "10"]
[White "Nielsen, Borge Hjerrild"]
[Black "Astrom, Lars"]
[Result "1-0"]
[WhiteElo "2067"]
[BlackElo "1795"]
[PlyCount "95"]
[EventDate "2010.07.31"]
[EventType "swiss"]
[EventRounds "10"]
[EventCountry "DEN"]
[Source "ChessBase"]
[SourceDate "2010.09.01"]

1. d4 d5 2. c4 e6 3. Nc3 Nf6 4. Bg5 Nbd7 5. cxd5 exd5 6. e3 c6 7. Nf3 Qa5 8.
Nd2 Bb4 9. Qc2 O-O 10. Bd3 Re8 11. O-O a6 12. Rfc1 Bd6 13. Bh4 Qc7 14. Bg3 c5
15. dxc5 Nxc5 16. Nxd5 Nxd5 17. Bxd6 Qxd6 18. Qxc5 Qxc5 19. Rxc5 Rd8 20. Nf3 b6
21. Rxd5 Rxd5 22. Be4 Be6 23. Bxd5 Bxd5 24. Nd4 Rc8 25. f3 Kf8 26. e4 Be6 27.
Kf2 Ke7 28. Ke3 a5 29. a3 h5 30. h4 g6 31. Rd1 a4 32. Nb5 Rc5 33. Nc3 Bb3 34.
Rd4 b5 35. f4 Bc4 36. g3 Ke6 37. Rd8 Rc7 38. Nd5 Rd7 39. Rxd7 Kxd7 40. Nb6+ Kc6
41. Nxc4 bxc4 42. Kd4 Kb5 43. Kd5 f6 44. e5 fxe5 45. fxe5 g5 46. hxg5 h4 47.
gxh4 c3 48. bxc3 1-0

[Event "32. Copenhagen Open (Politiken Cup)"]
[Site "Elsinore"]
[Date "2010.08.08"]
[Round "10"]
[White "Nielsen, Henning"]
[Black "Sorensen, Dick"]
[Result "1/2-1/2"]
[WhiteElo "2164"]
[BlackElo "1949"]
[PlyCount "47"]
[EventDate "2010.07.31"]
[EventType "swiss"]
[EventRounds "10"]
[EventCountry "DEN"]
[Source "ChessBase"]
[SourceDate "2010.09.01"]

1. e4 c5 2. Nf3 e6 3. d4 cxd4 4. Nxd4 a6 5. Be2 Nc6 6. Nc3 Qc7 7. Be3 Nf6 8.
Qd2 Bb4 9. f3 O-O 10. a3 Be7 11. Nb3 b5 12. O-O Bb7 13. Rad1 d6 14. Qe1 Rfd8
15. Qg3 Ne5 16. Nd4 Nc4 17. Bc1 Nxa3 18. f4 Nc4 19. b3 Nb6 20. f5 e5 21. Bh6
Bf8 22. Bg5 Be7 23. Bh6 Bf8 24. Bg5 1/2-1/2

[Event "32. Copenhagen Open (Politiken Cup)"]
[Site "Elsinore"]
[Date "2010.08.08"]
[Round "10"]
[White "Nielsen, John Bauneborg"]
[Black "Andersen, Jackie"]
[Result "0-1"]
[WhiteElo "2139"]
[BlackElo "2276"]
[PlyCount "116"]
[EventDate "2010.07.31"]
[EventType "swiss"]
[EventRounds "10"]
[EventCountry "DEN"]
[Source "ChessBase"]
[SourceDate "2010.09.01"]

1. d4 g6 2. c4 Bg7 3. Nc3 d6 4. g3 Nd7 5. Bg2 e5 6. e3 h5 7. h4 Nh6 8. Nge2 O-O
9. O-O Nf5 10. b3 Re8 11. Bb2 exd4 12. Nxd4 Ne5 13. Nd5 c6 14. Nf4 Nxd4 15.
Bxd4 Bg4 16. f3 Bd7 17. Qd2 a5 18. Rac1 a4 19. b4 a3 20. Rfd1 Ra4 21. Nd3 Qe7
22. Nxe5 Bxe5 23. Bxe5 Qxe5 24. Qxd6 Qxd6 25. Rxd6 Be6 26. Rd3 Rxb4 27. Rxa3
Bxc4 28. Rc2 Rd8 29. f4 Rd1+ 30. Kh2 Kg7 31. Rf2 Rdb1 32. Rc3 Be6 33. a3 R4b3
34. Rfc2 R1b2 35. Rxb2 Rxb2 36. Kg1 Bg4 37. e4 Kf6 38. e5+ Ke7 39. Be4 Kd7 40.
Bc2 Be6 41. Kf1 b6 42. Ke1 Ra2 43. Kd1 c5 44. Kc1 Ra1+ 45. Kb2 Re1 46. Rd3+ Kc7
47. Rd1 Re2 48. Kc3 c4 49. Rg1 Kc6 50. Bd1 Ra2 51. Kb4 Kd5 52. Bf3+ Kd4 53.
Rd1+ Ke3 54. Bd5 Kf2 55. Bxe6 fxe6 56. Rd6 Kxg3 57. Rxe6 Kxf4 58. Rxb6 Rb2+ 0-1

[Event "32. Copenhagen Open (Politiken Cup)"]
[Site "Elsinore"]
[Date "2010.08.08"]
[Round "10"]
[White "Nielsen, Lars Aaes"]
[Black "Schroer, Marcel"]
[Result "1-0"]
[WhiteElo "2279"]
[BlackElo "2106"]
[PlyCount "95"]
[EventDate "2010.07.31"]
[EventType "swiss"]
[EventRounds "10"]
[EventCountry "DEN"]
[Source "ChessBase"]
[SourceDate "2010.09.01"]

1. e4 c6 2. d4 d5 3. exd5 cxd5 4. c4 Nf6 5. Nc3 g6 6. Nf3 Bg7 7. cxd5 O-O 8.
Bc4 Nbd7 9. Bf4 Nb6 10. Qb3 Bf5 11. d6 exd6 12. O-O Nxc4 13. Qxc4 Qb6 14. Qb3
Qa6 15. Rfe1 Bg4 16. Ng5 d5 17. h3 Bf5 18. Re7 h6 19. Nf3 b6 20. Nb5 Bc2 21.
Qb4 Qa4 22. Qxa4 Bxa4 23. Nxa7 Bd7 24. Rxd7 Nxd7 25. Nb5 Ra5 26. Nc7 Nf6 27.
Ne5 Ra4 28. Be3 Rc8 29. Nb5 Rca8 30. Nc3 R4a7 31. a3 b5 32. Nc6 Rd7 33. Nb4 Bf8
34. Nca2 Rc7 35. Bf4 Rc4 36. Rd1 Bxb4 37. Nxb4 Rxb4 38. axb4 Ra4 39. Rc1 g5 40.
Be5 Nd7 41. Rc8+ Kh7 42. Bd6 Ra7 43. Bc5 Rb7 44. Rc6 Kg7 45. g4 Nf6 46. b3 h5
47. Bd6 hxg4 48. Be5 1-0

[Event "32. Copenhagen Open (Politiken Cup)"]
[Site "Elsinore"]
[Date "2010.08.08"]
[Round "10"]
[White "Nielsen, Palle"]
[Black "Seirup, Simon"]
[Result "1-0"]
[WhiteElo "1851"]
[BlackElo "1653"]
[PlyCount "51"]
[EventDate "2010.07.31"]
[EventType "swiss"]
[EventRounds "10"]
[EventCountry "DEN"]
[Source "ChessBase"]
[SourceDate "2010.09.01"]

1. e4 e6 2. d4 d5 3. e5 c5 4. c3 Nc6 5. Nf3 Qb6 6. Be2 cxd4 7. O-O dxc3 8. Nxc3
a6 9. Na4 Qc7 10. Be3 b5 11. Nb6 Rb8 12. Nxc8 Rxc8 13. Rc1 Nge7 14. a4 Qb7 15.
axb5 axb5 16. Qb3 b4 17. Ra1 Ra8 18. Rxa8+ Qxa8 19. Bb5 Qa5 20. Nd4 Qa8 21. Rc1
Kd7 22. Qc2 Kd8 23. Nxc6+ Nxc6 24. Bb6+ Ke7 25. Bxc6 Qa6 26. Qc5# 1-0

[Event "32. Copenhagen Open (Politiken Cup)"]
[Site "Elsinore"]
[Date "2010.08.08"]
[Round "10"]
[White "Nielsen, Rogvi Egilstoft"]
[Black "Rosenkilde, Alexander"]
[Result "1/2-1/2"]
[WhiteElo "2062"]
[BlackElo "2204"]
[PlyCount "84"]
[EventDate "2010.07.31"]
[EventType "swiss"]
[EventRounds "10"]
[EventCountry "DEN"]
[Source "ChessBase"]
[SourceDate "2010.09.01"]

1. e4 c5 2. c3 d5 3. exd5 Qxd5 4. d4 Nc6 5. Nf3 Bg4 6. Be2 cxd4 7. cxd4 e6 8.
Nc3 Qa5 9. O-O Nf6 10. Qb3 Qb4 11. Qxb4 Bxb4 12. Rd1 Rd8 13. Be3 O-O 14. Rac1
h6 15. h3 Bh5 16. Kf1 Ne7 17. g4 Bg6 18. Ne5 Bh7 19. Bf3 Ned5 20. Nxd5 Nxd5 21.
Bxd5 Rxd5 22. Rc7 Rb8 23. Ke2 Ba5 24. Rc5 Rbd8 25. Nc4 Bb4 26. Rc7 R5d7 27.
Rxd7 Rxd7 28. a3 Be7 29. Bf4 Be4 30. Ke3 Bd5 31. Ne5 Rd8 32. Rc1 g5 33. Bg3 Bd6
34. Nd3 Bxg3 35. fxg3 Rd7 36. b4 f6 37. a4 Kf7 38. a5 b6 39. Rc8 bxa5 40. bxa5
Rb7 41. Rh8 Kg7 42. Re8 Kf7 1/2-1/2

[Event "32. Copenhagen Open (Politiken Cup)"]
[Site "Elsinore"]
[Date "2010.08.08"]
[Round "10"]
[White "Ostergaard, Rasmus"]
[Black "Larsen, Karsten"]
[Result "0-1"]
[WhiteElo "2145"]
[BlackElo "2293"]
[PlyCount "70"]
[EventDate "2010.07.31"]
[EventType "swiss"]
[EventRounds "10"]
[EventCountry "DEN"]
[Source "ChessBase"]
[SourceDate "2010.09.01"]

1. d4 Nf6 2. c4 c5 3. d5 d6 4. Nc3 e5 5. e4 Be7 6. Bd3 h6 7. h3 Nh7 8. Nf3 Ng5
9. O-O O-O 10. a3 Nxf3+ 11. Qxf3 Bg5 12. b4 b6 13. Rb1 g6 14. Qe2 Nd7 15. Bc2
Nf6 16. bxc5 bxc5 17. Ba4 a6 18. Bc6 Ra7 19. Kh2 Nh5 20. g3 Bxc1 21. Rfxc1 f5
22. exf5 Bxf5 23. Rb2 Raf7 24. Rf1 Qc8 25. Ne4 Bxe4 26. Qxe4 Kg7 27. Kg2 Nf6
28. Qe3 Nh7 29. h4 Qg4 30. Qc3 Rf3 31. Rb7+ Kh8 32. Qa5 Rxg3+ 33. fxg3 Qe2+ 34.
Kh3 Qxf1+ 35. Kg4 Qf5# 0-1

[Event "32. Copenhagen Open (Politiken Cup)"]
[Site "Elsinore"]
[Date "2010.08.08"]
[Round "10"]
[White "Brondt, Nicolai Kvist"]
[Black "Skovgaard, Peter Nicolai"]
[Result "1/2-1/2"]
[WhiteElo "2152"]
[BlackElo "2299"]
[PlyCount "136"]
[EventDate "2010.07.31"]
[EventType "swiss"]
[EventRounds "10"]
[EventCountry "DEN"]
[Source "ChessBase"]
[SourceDate "2010.09.01"]

1. Nf3 Nf6 2. c4 e6 3. d4 d5 4. Bg5 Be7 5. Nc3 Nbd7 6. e3 O-O 7. cxd5 exd5 8.
Bd3 h6 9. Bh4 c6 10. O-O Ne4 11. Bxe7 Qxe7 12. Qc2 Ng5 13. Nd2 Nf6 14. Rae1 Re8
15. f4 Nge4 16. Ndxe4 dxe4 17. Be2 Bg4 18. Rc1 Rad8 19. Bxg4 Nxg4 20. Qe2 Nf6
21. Rfd1 Nd5 22. a3 Nxc3 23. Rxc3 Rd5 24. b4 a5 25. Rc5 axb4 26. axb4 Ra8 27.
Qb2 Qe6 28. Ra1 Rxa1+ 29. Qxa1 Rd8 30. Qa3 Qg4 31. Qa2 Kh8 32. Ra5 Qd1+ 33. Kf2
Kh7 34. Rf5 Qg4 35. Qxf7 Qh4+ 36. Kf1 Qxh2 37. Re5 Qh1+ 38. Kf2 Qh4+ 39. Kf1
Ra8 40. Ra5 Rxa5 41. bxa5 Qg4 42. Kf2 h5 43. Qxb7 h4 44. Qb3 Qg3+ 45. Kf1 h3
46. gxh3 Qxh3+ 47. Kg1 Qg4+ 48. Kf1 Qf3+ 49. Ke1 Qh1+ 50. Kd2 Qg2+ 51. Kc1 Qe2
52. Qc3 Qf1+ 53. Kb2 Qb5+ 54. Ka2 Qa4+ 55. Kb2 Qb5+ 56. Ka3 Qe2 57. Qb3 Qe1 58.
Ka4 Qa1+ 59. Kb4 Qe1+ 60. Qc3 Qb1+ 61. Kc5 Qb5+ 62. Kd6 Qb8+ 63. Ke6 Qe8+ 64.
Kf5 Qg6+ 65. Ke5 Qe8+ 66. Kd6 Qb8+ 67. Kd7 Qb7+ 68. Kd6 Qb8+ 1/2-1/2

[Event "32. Copenhagen Open (Politiken Cup)"]
[Site "Elsinore"]
[Date "2010.08.08"]
[Round "10"]
[White "Peschlow, Patrick"]
[Black "Hobber, Anders"]
[Result "1/2-1/2"]
[WhiteElo "2311"]
[BlackElo "2135"]
[PlyCount "26"]
[EventDate "2010.07.31"]
[EventType "swiss"]
[EventRounds "10"]
[EventCountry "DEN"]
[Source "ChessBase"]
[SourceDate "2010.09.01"]

1. e4 e6 2. d4 d5 3. Nc3 h6 4. Bd3 Nc6 5. Nf3 Nb4 6. Bb5+ c6 7. Be2 Nf6 8. e5
Ne4 9. a3 Nxc3 10. bxc3 Na6 11. O-O Qa5 12. Bd2 Qa4 13. Qb1 Nc7 1/2-1/2

[Event "32. Copenhagen Open (Politiken Cup)"]
[Site "Elsinore"]
[Date "2010.08.08"]
[Round "10"]
[White "Petersen, Steen"]
[Black "Jacobsen, Fredrik Beer"]
[Result "1-0"]
[WhiteElo "2152"]
[BlackElo "1955"]
[PlyCount "63"]
[EventDate "2010.07.31"]
[EventType "swiss"]
[EventRounds "10"]
[EventCountry "DEN"]
[Source "ChessBase"]
[SourceDate "2010.09.01"]

1. e4 e5 2. Nf3 Nc6 3. Bb5 a6 4. Ba4 Nf6 5. O-O Be7 6. Qe2 b5 7. Bb3 d6 8. c3
O-O 9. h3 Nd7 10. d4 Bf6 11. Rd1 Na5 12. Bc2 g6 13. Nbd2 Bg7 14. a4 c6 15. b4
Nb7 16. Bb2 f5 17. Bb3+ Kh8 18. d5 cxd5 19. Bxd5 bxa4 20. Nc4 fxe4 21. Bxe4 Rf6
22. Nxd6 Rb8 23. Nxe5 Nxe5 24. Nxb7 Qc7 25. Rd8+ Bf8 26. c4 Bxb7 27. Rxb8 Qxb8
28. Bxb7 Rf5 29. g4 Rg5 30. Bd5 a3 31. Rxa3 Bxb4 32. Rxa6 1-0